000 01381nam a2200337 a 4500
001 ebr10041595
003 CaPaEBR
006 m u
007 cr cn|||||||||
008 030430s2003 ne sb 001 0 eng
010 _z 2003051905
020 _z9027227861 (Eur. : alk. paper)
020 _z1588114090 (U.S. : Hb : alk. paper)
040 _aCaPaEBR
_cCaPaEBR
035 _a(OCoLC)56117729
050 1 4 _aP291
_b.B64 2003eb
082 0 4 _a415
_221
100 1 _aBoeckx, Cedric.
245 1 0 _aIslands and chains
_h[electronic resource] :
_bresumption as stranding /
_cCedric Boeckx.
260 _aAmsterdam ;
_aPhiladelphia :
_bJ. Benjamins Pub. Co.,
_cc2003.
300 _axii, 221 p.
490 1 _aLinguistik aktuell =
_aLinguistics today,
_x0166-0829 ;
_vv. 63
504 _aIncludes bibliographical references (p. [193]-211) and indexes.
533 _aElectronic reproduction.
_bPalo Alto, Calif. :
_cebrary,
_d2013.
_nAvailable via World Wide Web.
_nAccess may be limited to ebrary affiliated libraries.
650 0 _aGrammar, Comparative and general
_xSyntax.
650 0 _aMinimalist theory (Linguistics)
655 7 _aElectronic books.
_2local
710 2 _aebrary, Inc.
830 0 _aLinguistik aktuell ;
_vBd. 63.
856 4 0 _uhttp://site.ebrary.com/lib/rucke/Doc?id=10041595
_zAn electronic book accessible through the World Wide Web; click to view
999 _c59101
_d59101